Titres des chansons des Beatles (albums originaux) - Statistiques

Statistiques générales
  • Ce quiz a été pris 172 fois
  • Le résultat moyen est 53 sur 175
Statistiques - réponses
Albums Titres % Correct
Let It Be
86%
Help! Help!
80%
Yellow Submarine
80%
Please Please Me
74%
A Hard Day's Night A Hard Day's Night
73%
Yesterday
70%
Here Comes the Sun
65%
Love Me Do
61%
Something
60%
Abbey Road ComeTogether
58%
Sgt. Pepper's Lonely Hearts Club Band Sgt. Pepper's Lonely Hearts Club Band
56%
Rubber Soul Drive My Car
55%
Eleanor Rigby
55%
Lucy in the Sky with Diamonds
54%
Octopus's Garden
54%
Twist and Shout
54%
While My Guitar Gently Weeps
53%
Get Back
52%
Michelle
51%
A Day in the Life
50%
The Beatles - Disque 1 Back in the U.S.S.R.
50%
Revolution 9
50%
Norwegian Wood
46%
The End
46%
The Long and Winding Road
46%
Ob-La-Di, Ob-La-Da
45%
Please Please Me I Saw Her Standing There
44%
Julia
44%
Revolution 1
44%
Anna (Go to Him)
43%
Because
43%
Blackbird
43%
Eight Days a Week
43%
Maxwell's Silver Hammer
43%
Golden Slumbers
42%
In My Life
42%
Ticket to Ride
42%
With a Little Help from My Friends
42%
I Want You (She's So Heavy)
41%
And I Love Her
40%
Girl
40%
Her Majesty
40%
Revolver Taxman
40%
Helter Skelter
39%
Across the Universe
38%
All You Need Is Love
38%
Carry That Weight
38%
When I'm Sixty-Four
38%
All My Loving
37%
Oh! Darling
37%
Sun King
37%
Can't Buy Me Love
36%
Dear Prudence
36%
Here, There and Everywhere
36%
Glass Onion
34%
Lovely Rita
34%
For No One
33%
Happiness Is a Warm Gun
33%
Hay Bulldog
33%
Honey Pie
33%
Mean Mr. Mustard
33%
Nowhere Man
33%
I Me Mine
31%
The Beatles - Disque 2 Birthday
30%
If I Fell
30%
I've Got a Feeling
30%
Martha My Dear
30%
P.S. I Love You
30%
Rocky Raccoon
30%
She Came In Through the Bathroom Window
30%
She's Leaving Home
30%
Dig a Pony
29%
Good Night
29%
I Will
29%
One After 909
29%
Run for Your Life
29%
Chains
28%
Piggies
28%
Sexy Sadie
28%
Let It Be Two of Us
28%
Boys
27%
Fixing a Hole
27%
I'm Only Sleeping
27%
The Continuing Story of Bungalow Bill
27%
You Never Give Me Your Money
27%
Being for the Benefit of Mr. Kite!
26%
Dig It
26%
Doctor Robert
26%
Do You Want to Know a Secret
26%
Roll Over Beethoven
26%
The Word
26%
Tomorrow Never Knows
26%
Wild Honey Pie
26%
And Your Bird Can Sing
25%
Misery
25%
Within You Without You
24%
Yer Blues
24%
You've Got to Hide Your Love Away
24%
Don't Pass Me By
23%
For You Blue
23%
I'm Looking Through You
23%
Act Naturally
22%
A Taste of Honey
22%
Baby's in Black
22%
Getting Better
22%
Good Morning Good Morning
22%
I'll Follow the Sun
22%
I'm Happy Just to Dance with You
22%
I'm So Tired
22%
I Need You
22%
Love You To
22%
Beatles for Sale No Reply
22%
Please Mr. Postman
22%
Savoy Truffle
22%
She Said She Said
22%
The Night Before
22%
Wait
22%
Cry Baby Cry
21%
Everybody's Got Something to Hide Except Me and My Monkey
21%
With The Beatles It Won't Be Long
21%
I've Just Seen a Face
21%
Long, Long, Long
21%
Mother Nature's Son
21%
Dizzy Miss Lizzy
20%
Good Day Sunshine
20%
Got to Get You into My Life
20%
Till There Was You
20%
You Won't See Me
20%
Don't Bother Me
19%
I'm a Loser
19%
Maggie Mae
19%
Why Don't We Do It in the Road
19%
Ask Me Why
18%
If I Needed Someone
18%
I'll Be Back
18%
It's Only Love
18%
Kansas City/Hey, Hey, Hey, Hey
18%
Money
18%
Mr. Moonlight
18%
Rock and Roll Music
18%
Things We Said Today
18%
You're Going to Lose That Girl
18%
All Together Now
17%
Another Girl
17%
I Should Have Known Better
17%
I Wanna Be Your Man
17%
Tell Me Why
17%
Think for Yourself
17%
There's a Place
16%
You Can't Do That
16%
Baby It's You
15%
Any Time at All
14%
Devil in Her Heart
14%
I Don't Want to Spoil the Party
14%
I'll Cry Instead
14%
It's All Too Much
14%
Only a Northern Song
14%
What Goes On
14%
What You're Doing
14%
When I Get Home
14%
I Want to Tell You
13%
You Like Me Too Much
13%
You Really Got a Hold on Me
13%
All I've Got to Do
12%
Everybody's Trying to Be My Baby
12%
Honey Don't
11%
Little Child
11%
Tell Me What You See
11%
Words of Love
11%
Every Little Thing
10%
Hold Me Tight
9%
Not a Second Time
7%
Sgt. Pepper Lonely Hearts Club Band (Reprise)
4%
Polythene Pal
3%
Aucun quiz correspondant
Distribution des résultats
% des personnes avec chaque résultat
Percentile par nombre de réponses
Votre historique - résultats
Vous n’avez pas pris ce quiz